Online
Catalog

Estructuras de la mente : (Record no. 24540)

MARC details
000 -CABECERA
campo de control de longitud fija 01188nam a2200301 a 4500
001 - NÚMERO DE CONTROL
campo de control 000025047
005 - FECHA Y HORA DE LA ÚLTIMA TRANSACCIÓN
campo de control 20250520113501.0
008 - DATOS DE LONGITUD FIJA--INFORMACIÓN GENERAL
campo de control de longitud fija 110201s1987 mx r 000 | spa d
020 ## - NÚMERO INTERNACIONAL ESTÁNDAR DEL LIBRO
Número Internacional Estándar del Libro 9681626273
040 ## - FUENTE DE LA CATALOGACIÓN
Centro catalogador/agencia de origen DO-SdBNP
Lengua de catalogación spa
Centro/agencia transcriptor BNPHU
041 17 - CÓDIGO DE LENGUA
Código de lengua del texto/banda sonora o título independiente eng
Código de lengua original spa
Fuente del código Código de idioma MARC
082 ## - NÚMERO DE LA CLASIFICACIÓN DECIMAL DEWEY
Número de clasificación 153.9
Número de documento/Ítem G226e
049 ## - FONDOS LOCALES (OCLC)
Fondos de biblioteca BNGR
100 1# - ENTRADA PRINCIPAL--NOMBRE DE PERSONA
Nombre de persona Gardner , Howard,
Fechas asociadas al nombre 1943-
9 (RLIN) 51387
240 10 - TÍTULO UNIFORME
Título uniforme Frames of mind. The theory of multiple intelligences.
Lenguaje de la obra Español
245 10 - MENCIÓN DE TÍTULO
Título Estructuras de la mente :
Resto del título la teoría de las múltiples inteligencias /
Mención de responsabilidad, etc. Howard Gardner ; traducción Sergio Fernández Everest.
260 ## - PUBLICACIÓN, DISTRIBUCIÓN, ETC.
Lugar de publicación, distribución, etc. México, D. F. :
Nombre del editor, distribuidor, etc. Fondo de Cultura Económica,
Fecha de publicación, distribución, etc. 1987.
300 ## - DESCRIPCIÓN FÍSICA
Extensión 354 p. ;
Dimensiones 18 cm.
490 1# - MENCIÓN DE SERIE
Mención de serie Biblioteca de Psicología y Psicoanálisis
534 ## - NOTA SOBRE LA VERSIÓN ORIGINAL
Encabezamiento principal del original Título original :
Mención de título del original Frames of mind. The theory of multiple intelligences
504 ## - NOTA DE BIBLIOGRAFÍA, ETC.
Nota de bibliografía, etc. Incluye referencias bibliográficas
500 ## - NOTA GENERAL
Nota general Incluye notas al pie de páginas
650 #4 - PUNTO DE ACCESO ADICIONAL DE MATERIA--TÉRMINO DE MATERIA
Término de materia o nombre geográfico como elemento de entrada Inteligencia
9 (RLIN) 2917
650 #0 - PUNTO DE ACCESO ADICIONAL DE MATERIA--TÉRMINO DE MATERIA
Término de materia o nombre geográfico como elemento de entrada Pensamiento
9 (RLIN) 22995
650 #4 - PUNTO DE ACCESO ADICIONAL DE MATERIA--TÉRMINO DE MATERIA
Término de materia o nombre geográfico como elemento de entrada Razonamiento (psicología)
9 (RLIN) 40494
700 1# - PUNTO DE ACCESO ADICIONAL--NOMBRE DE PERSONA
Nombre de persona Fernández Everest, Sergio
Término indicativo de función/relación tr.
9 (RLIN) 51388
830 #0 - PUNTO DE ACCESO ADICIONAL DE SERIE-TÍTULO UNIFORME
Título uniforme Biblioteca de Psicología y Psicoanálisis
9 (RLIN) 47704
Holdings
Estado de retiro Estado de pérdida Restricciones de uso No para préstamo Código de colección Localización permanente Ubicación/localización actual Ubicación en estantería Fecha de adquisición Número de inventario Total de préstamos Signatura topográfica completa Código de barras Fecha visto por última vez Precio válido a partir de Tipo de ítem Koha
        Monografías: Libros y Folletos General General En catalogación 09.02.2011 LF1   153.9 G226e 25047-10 25.06.2020 25.06.2020 Préstamo en sala

Powered by Koha